000 00770nmm a22002057a 4500
003 BCEG
005 20260320170617.0
006 a||||||||d||00| 0
008 260317k20052007mx|||||| |||| 00| 0 spa d
040 _aBCEG
_bspa
_cBCEG
084 _aCDE413
245 0 0 _aPanorama Anual del Observatorio Laboral Mexicano.
_h[CD].
260 _aMéxico :
_bSecretaría de Trabajo y Previsión Social,
300 _a2 cd's
505 2 _gCD 1.
_tPanorama Anual del Observatorio Laboral 2005-2006 --
_gCD 2.
_tPanorama Anual del Observatorio Laboral 2006-2007.
650 1 4 _aTrabajo y trabajadores
_zMéxico
_vMateriales electrónicos.
650 1 4 _aProfesiones
_zMéxico
_vMateriales electrónicos.
650 1 4 _aMercado laboral
_zMéxico
_vMateriales electrónicos.
942 _cCD
999 _c437102
_d437102